Best Kickers of All Time - Statistics

General Stats
  • This quiz has been taken 13 times
  • The average score is 3 of 18
Answer Stats
Hint Answer % Correct
Baltimore Ravens Justin Tucker
85%
New Orleans Saints Morten Andersen
54%
Detroit Lions Matt Prater
38%
New England Patriots Stephen Gostkowski
23%
Indianapolis Colts Adam Vinateri
15%
San Francisco 49ers Robbie Gould
15%
Las Vegas Raiders Sebastian Janikowski
15%
Detroit Lions Eddie Murray
8%
Chicago Bears George Blanda
8%
New York Giants Graham Gano
8%
New York Jets Greg Zuerlein
8%
Denver Broncos Jason Elam
8%
Detroit Lions Jason Hanson
8%
Green Bay Packers Mason Crosby
8%
New York Giants Don Chandler
0%
New York Jets Gary Anderson
0%
Kansas City Chiefs Jon Stenerud
0%
Cleveland Browns Lou Groza
0%
No matching quizzes found
Score Distribution
Percent of People with Each Score
Percentile by Number Answered
Your Score History
You have not taken this quiz